000
00255nam a22001097a 4500
082
_a
621.381 STA'E
100
_a
STANLEY, J. A
_9
56498
245
_a
ELECTRONICS FOR THE BEGINNER
260
_a
NEWYORK
_b
HOWARD W. SAMS
_c
1964
300
_a
190P
942
_c
BK
999
_c
566891
_d
566891